000 00277nam a2200121Ia 4500
008 190216s9999||||xx |||||||||||||| ||und||
100 _aIttiavirah
245 0 _aGeneral And Thermal Physics
260 _bArasmi Pub
_c1992
300 _a07/15
650 _aPhysics
942 _cBK
999 _c33240
_d33240